Rembrandt´s Etchings (Record no. 2322)
[ view plain ]
| 000 -CABECERA | |
|---|---|
| campo de control de longitud fija | 00718nam a2200217 a 4500 |
| 001 - NÚMERO DE CONTROL | |
| campo de control | BRCA_2582 |
| 005 - FECHA Y HORA DE LA ÚLTIMA TRANSACCIÓN | |
| campo de control | 20190320203857.0 |
| 008 - DATOS DE LONGITUD FIJA--INFORMACIÓN GENERAL | |
| campo de control de longitud fija | 271108s1912----enka---###---#000-0#eng-u |
| 050 #4 - SIGNATURA TOPOGRÁFICA DE LA BIBLIOTECA DEL CONGRESO | |
| Número de clasificación | ND653.R4 |
| Número de documento/Ítem | .M39 1912 |
| 100 1# - ENTRADA PRINCIPAL--NOMBRE DE PERSONA | |
| Nombre de persona | Hind, Arthur Mayger |
| 9 (RLIN) | 7375 |
| 245 10 - MENCIÓN DE TÍTULO | |
| Título | Rembrandt´s Etchings |
| Resto del título | an essay and a catalogue, with some notes on the drawings |
| Mención de responsabilidad, etc. | by Arthur Mayger Hind. |
| 260 ## - PUBLICACIÓN, DISTRIBUCIÓN, ETC. | |
| Lugar de publicación, distribución, etc. | London |
| Nombre del editor, distribuidor, etc. | Methuen |
| Fecha de publicación, distribución, etc. | 1912 |
| 300 ## - DESCRIPCIÓN FÍSICA | |
| Extensión | 2 v. |
| Otras características físicas | il. |
| Dimensiones | 25 cm. |
| 500 ## - NOTA GENERAL | |
| Nota general | A51 |
| 505 0# - NOTA DE CONTENIDO CON FORMATO | |
| Nota de contenido con formato | Contenido: v.1. The Text. -- v.2. The Illustrations. |
| 600 14 - PUNTO DE ACCESO ADICIONAL DE MATERIA--NOMBRE DE PERSONA | |
| Nombre de persona | Rembrandt Harmenszoon van Rijn |
| Fechas asociadas al nombre | 1606-1669 |
| 9 (RLIN) | 7376 |
| 650 14 - PUNTO DE ACCESO ADICIONAL DE MATERIA--TÉRMINO DE MATERIA | |
| Término de materia o nombre geográfico como elemento de entrada | Aguafuertistas holandeses |
| 9 (RLIN) | 7377 |
| 650 14 - PUNTO DE ACCESO ADICIONAL DE MATERIA--TÉRMINO DE MATERIA | |
| Término de materia o nombre geográfico como elemento de entrada | Aguafuertes |
| Subdivisión de forma | Catálogos |
| 9 (RLIN) | 7359 |
| 902 ## - CATALOGADOR | |
| Iniciales | GFM |
| 942 ## - ELEMENTOS DE PUNTO DE ACCESO ADICIONAL (KOHA) | |
| Fuente del sistema de clasificación o colocación | Library of Congress Classification |
| Tipo de ítem Koha | Libros |
| Estado de retiro | Estado de pérdida | Estado dañado | No para préstamo | Localización permanente | Ubicación/localización actual | Fecha de adquisición | Número de inventario | Total de préstamos | Signatura topográfica completa | Código de barras | Fecha visto por última vez | Precio válido a partir de | Tipo de ítem Koha |
|---|---|---|---|---|---|---|---|---|---|---|---|---|---|
| El ejemplar forma parte de la colección y puede ser consultado según las políticas vigentes. | Biblioteca del Museo Franz Mayer (Rogerio Casas-Alatriste) | Biblioteca del Museo Franz Mayer (Rogerio Casas-Alatriste) | 27/11/2008 | A51 | ND653.R4 .M39 1912 (A51) | 2579 | 22/03/2019 | 22/03/2019 | Libros |